| 000 | 00726aam a2200289 4500 | ||
|---|---|---|---|
| 005 | 20160927144929.0 | ||
| 008 | 150602b xxu||||| |||| 00| 0 spa d | ||
| 041 | _aEspaña | ||
| 082 |
_a005.13 _bL531a |
||
| 100 |
_aLeinecker, Rick _923001 |
||
| 245 | _aAprendiendo Visual J++6 en 21 días | ||
| 260 | _aMéxico | ||
| 260 | _bPrentice-Hall | ||
| 260 | _c2000 | ||
| 300 | _a600 páginas | ||
| 650 |
_aLENGUAJES DE PROGRAMACION _9372 |
||
| 650 |
_aJAVA _95528 |
||
| 650 |
_aVISUAL J++6 _923002 |
||
| 650 |
_aWEB _97352 |
||
| 650 |
_aVENTANAS _915270 |
||
| 650 |
_aINTERFAZ _96524 |
||
| 650 |
_aIMAGENES _96636 |
||
| 650 |
_aANIMACION _93670 |
||
| 650 |
_aACTIVEX _910720 |
||
| 650 |
_aDIRECT _923003 |
||
| 942 | _cBK | ||
| 999 |
_c1116 _d1116 |
||